| 000 -LEADER |
| fixed length control field |
00765nam a22002417a 4500 |
| 001 - CONTROL NUMBER |
| control field |
93 |
| 003 - CONTROL NUMBER IDENTIFIER |
| control field |
BD-DhUAP |
| 005 - DATE AND TIME OF LATEST TRANSACTION |
| control field |
20200225102941.0 |
| 008 - FIXED-LENGTH DATA ELEMENTS--GENERAL INFORMATION |
| fixed length control field |
200225r19971910ii a|||| |||| 001 0 eng d |
| 020 ## - INTERNATIONAL STANDARD BOOK NUMBER |
| International Standard Book Number |
8175360720 |
| 040 ## - CATALOGING SOURCE |
| Original cataloging agency |
BD-DhUAP |
| Language of cataloging |
Eng |
| Transcribing agency |
BD-DhUAP |
| Modifying agency |
BD-DhUAP |
| 082 ## - DEWEY DECIMAL CLASSIFICATION NUMBER |
| Edition number |
23 |
| Classification number |
720.954 FER |
| 100 ## - MAIN ENTRY--PERSONAL NAME |
| Personal name |
Fergusson, James. |
| 245 ## - TITLE STATEMENT |
| Title |
History of Indian and Eastern architecture / |
| Statement of responsibility, etc. |
James Fergusson ; edited by James Burgess and R. Phene Spiers. |
| 260 ## - PUBLICATION, DISTRIBUTION, ETC. |
| Place of publication, distribution, etc. |
New Delhi : |
| Name of publisher, distributor, etc. |
Low price publications, |
| Date of publication, distribution, etc. |
1910 [Reprinted 1997]. |
| 300 ## - PHYSICAL DESCRIPTION |
| Extent |
volumes : |
| Other physical details |
illustrations ; |
| Dimensions |
22 cm. |
| 500 ## - GENERAL NOTE |
| General note |
Include index. |
| 505 ## - FORMATTED CONTENTS NOTE |
| Formatted contents note |
V. (1-2)-- |
| 650 ## - SUBJECT ADDED ENTRY--TOPICAL TERM |
| Topical term or geographic name entry element |
Architecture |
| Form subdivision |
History |
| Geographic subdivision |
India. |
| 700 ## - ADDED ENTRY--PERSONAL NAME |
| Personal name |
Burgess, James. |
| 700 ## - ADDED ENTRY--PERSONAL NAME |
| Personal name |
Spiers, R. Phene. |
| 942 ## - ADDED ENTRY ELEMENTS (KOHA) |
| Source of classification or shelving scheme |
|
| Koha item type |
Book |